MARC

LEADER 00000nam0a2200000 4500
001 155444
005 20231031152436.0
010 |a 5724506475 
020 |a RU  |b 92-4821 
035 |a (RuTPU)RU\TPU\book\168621 
090 |a 155444 
100 |a 20090314d1992 km y0rusy5003 ca 
101 0 |a rus 
102 |a RU 
105 |a a z 001zy 
200 1 |a Физическая механика пластмасс. Как прогнозируют работоспособность?  |f С. Б. Ратнер, В. П. Ярцев 
210 |a Москва  |c Химия  |d 1992 
215 |a 320 с.  |c ил. 
320 |a Библиогр.: с. 308-320. 
610 1 |a пластмассы 
610 1 |a физико-механические свойства 
610 1 |a полимеры 
610 1 |a ползучесть 
610 1 |a долговечность 
610 1 |a усталостная прочность 
610 1 |a выносливость 
610 1 |a работоспособность 
610 1 |a трение 
610 1 |a истирание 
610 1 |a активация 
675 |a 678.5.01  |v 3 
700 1 |a Ратнер  |b С. Б.  |g Соломон Борисович 
701 1 |a Ярцев  |b В. П.  |g Виктор Петрович 
801 0 |a RU  |b RuMRKP  |c 19950417  |g psbo 
801 1 |a RU  |b 63413507  |c 20090314  |g PSBO 
801 2 |a RU  |b 63413507  |c 20100302  |g PSBO 
942 |c BK